Sueños de un caminante solitario: la poesía argentina de J.R. Wilcock

保存先:
書誌詳細
第一著者: Zonana, Víctor Gustavo (著者)
フォーマット: 図書
言語:スペイン語
出版事項: Mendoza Universidad Nacional de Cuyo 1998
主題:
タグ: タグ追加
タグなし, このレコードへの初めてのタグを付けませんか!

MARC

LEADER 00000nam a2200000 a 4500
001 UCP2872
003 CL-VaPUC
008 990604e19980000AG |||||||||||||||||spa|d
082 0 4 |a Ar861.9  |b ZON  |2 21 
100 0 |a Zonana, Víctor Gustavo  |e author  |9 429858 
245 1 0 |a Sueños de un caminante solitario: la poesía argentina de J.R. Wilcock 
300 |a 105 p 
942 |c BK 
945 |d 19990604 00:00:00  |a rbrito 
260 |a Mendoza  |b Universidad Nacional de Cuyo  |c 1998 
600 0 7 |a WILCOCK, JUAN RODOLFO  |2 CL-VaPUC  |9 429859 
650 7 |a POESIA ARGENTINA  |2 CL-VaPUC  |9 268280 
650 0 |a Crítica literaria   |9 269189 
650 0 |a Crítica e interpretación   |9 255042 
583 |a last modification  |c 19990604 00:00:00  |k Rodrigo Vera 
999 |c 281339  |d 281337 
952 |0 0  |1 0  |4 0  |6 AR_861_900000000000000_ZON_1998  |7 0  |8 A  |9 322049  |a BIBEDU  |b BIBEDU  |d 2019-11-20  |i 3529487  |o Ar861.9 ZON 1998  |p 3529487  |r 2019-11-20  |w 2019-11-20  |y BK  |k LIT